Drugs in Hispanic communities / (Record no. 8535)
[ view plain ]
| 000 -LEADER | |
|---|---|
| campo de control de longitud fija | 00791nam a2200241 i 4500 |
| 001 - NÚMERO DE CONTROL | |
| campo de control | 8535 |
| 003 - IDENTIFICADOR DE NÚMERO DE CONTROL | |
| campo de control | ES-MaACL |
| 005 - FECHA Y HORA DE LA ÚLTIMA TRANSACCIÓN | |
| campo de control | 20230906145458.0 |
| 007 - CAMPO FIJO DE DESCRIPCIÓN FÍSICA--INFORMACIÓN GENERAL | |
| campo de control de longitud fija | t| |
| 008 - DATOS DE LONGITUD FIJA--INFORMACIÓN GENERAL | |
| campo de control de longitud fija | 920713s1990 xxu ||||1| eng d |
| 020 ## - NÚMERO INTERNACIONAL ESTÁNDAR DEL LIBRO | |
| Número Internacional Estándar del Libro | 0-8135-1569-8 |
| 080 ## - NÚMERO DE LA CLASIFICACIÓN DECIMAL UNIVERSAL | |
| Número de la Clasificación Decimal Universal | 613.83(73) |
| 245 00 - MENCIÓN DEL TÍTULO | |
| Título | Drugs in Hispanic communities / |
| Mención de responsabilidad, etc. | edited by Ronald Glick and Joan Moore. |
| 260 ## - PUBLICACIÓN, DISTRIBUCIÓN, ETC. | |
| Lugar de publicación, distribución, etc. | New Brunswick [etc.] : |
| Nombre del editor, distribuidor, etc. | Rutgers University Press, |
| Fecha de publicación, distribución, etc. | cop. 1990. |
| 300 ## - DESCRIPCIÓN FÍSICA | |
| Extensión | VIII, 275 p. ; |
| Dimensiones | 23 cm. |
| 504 ## - NOTA DE BIBLIOGRAFÍA, ETC. | |
| Nota de bibliografía, etc. | Bibliogr.: p. 253-272. |
| 650 14 - PUNTO DE ACCESO ADICIONAL DE MATERIA--TÉRMINO DE MATERIA | |
| Término de materia o nombre geográfico como elemento de entrada | Drogas- |
| Subdivisión general | Consumo- |
| Subdivisión geográfica | Estados Unidos. |
| 9 (RLIN) | 11981 |
| 650 14 - PUNTO DE ACCESO ADICIONAL DE MATERIA--TÉRMINO DE MATERIA | |
| Término de materia o nombre geográfico como elemento de entrada | Hispanoamericanos- |
| Subdivisión geográfica | Estados Unidos- |
| Subdivisión general | Consumo de drogas. |
| 9 (RLIN) | 13369 |
| 700 1# - ENTRADA AGREGADA--NOMBRE PERSONAL | |
| Nombre de persona | Glick, Ronald, |
| Término indicativo de función/relación | |
| 9 (RLIN) | 195724 |
| 700 1# - ENTRADA AGREGADA--NOMBRE PERSONAL | |
| Nombre de persona | Moore, Joan, |
| Término indicativo de función/relación | |
| 9 (RLIN) | 195725 |
| 852 ## - LOCALIZACIÓN | |
| Ubicación | ES-MaACL |
| Número de control de estantería | L-15873 |
| Sublocalización o colección | R.119662 |
| Estatus retirado | Estado de pérdida | Estado de daño | No para préstamo | Biblioteca de origen | Biblioteca actual | Ubicación en estantería | Fecha de adquisición | Fuente de adquisición | Total de préstamos | Signatura topográfica completa | Código de barras | Visto por última vez | Precio de reemplazo | Tipo de ítem Koha |
|---|---|---|---|---|---|---|---|---|---|---|---|---|---|---|
| Biblioteca del Ateneo de Madrid | Biblioteca del Ateneo de Madrid | Depósito 2 | 17/01/2008 | L-15873 | 1008718 | 23/02/2023 | 23/02/2023 | Libro impreso |
